LEADER 01944nam 2200397 n 450 001 996394994703316 005 20200824132011.0 035 $a(CKB)3810000000008296 035 $a(EEBO)2240949841 035 $a(UnM)99862128e 035 $a(UnM)99862128 035 $a(EXLCZ)993810000000008296 100 $a19920916d1647 uh | 101 0 $aeng 135 $aurbn||||a|bb| 200 10$aArticles of agreement, made, concluded, and agreed on, at Dublin, the eighteenth day of June, 1647$b[electronic resource] $eBy and between the most Honourable James Lord Marq; of Ormand, of the one part; and Arthur Annesley Esquire, Sir Robert King knight, Sir Robert Meredith knight, Colonell John Moore, and Colonell Michael Jones, commissioners from the Parliament of England, on the other part. Published by authority and command of the commissioners from the Parliament of England 210 $aDublin, [i.e. London] $cPrinted by William Bladen, printer to the Kings most excellent Majesty: and now re-printed by Moses Bell [, London]$d1647 215 $a[2], 6 p 300 $aImperfect: tightly bound with some loss of print. 300 $aReproduction of original in the Henry E. Huntington Library. 330 $aeebo-0018 607 $aIreland$xHistory$yRebellion of 1641 607 $aIreland$xPolitics and government$y17th century 607 $aGreat Britain$xPolitics and government$y1642-1649 607 $aGreat Britain$xHistory$yCivil War, 1642-1649 700 $aOrmonde$b James Butler$cDuke of,$f1610-1688.$01001840 701 $aOrmonde$b James Butler$cDuke of,$f1610-1688.$01001840 712 02$aEngland and Wales.$f1647 June 18. 801 0$bCu-RivES 801 1$bCu-RivES 801 2$bCStRLIN 801 2$bWaOLN 906 $aBOOK 912 $a996394994703316 996 $aArticles of agreement, made, concluded, and agreed on, at Dublin, the eighteenth day of June, 1647$92421690 997 $aUNISA LEADER 01235nam a2200337 i 4500 001 991001490699707536 008 060217s2005 riu b 000 0 eng d 020 $a0821838342 035 $ab13380606-39ule_inst 040 $aDip.to Matematica$beng 082 04$a512.4$222 084 $aAMS 16S37 084 $aAMS 16S30 084 $aLC QA247.P596 100 1 $aPolishchuk, Alexander$067582 245 10$aQuadratic algebras /$cAlexander Polishchuk, Leonid Positselski 260 $aProvidence, R.I. :$bAmerican Mathematical Society,$cc2005 300 $axii, 159 p. ;$c26 cm 440 0$aUniversity lecture series,$x1047-3998 ;$v37 504 $aIncludes bibliographical references 650 0$aQuadratic fields 650 0$aAssociative rings 650 0$aCommutative rings 650 0$aStochastic processes 700 1 $aPositselski, Leonid$eauthor$4http://id.loc.gov/vocabulary/relators/aut$0499475 907 $a.b13380606$b21-09-06$c20-02-06 912 $a991001490699707536 945 $aLE013 16S POL11 (2005)$g1$i2013000201740$lle013$op$pE29.81$q-$rl$s- $t0$u0$v0$w0$x0$y.i14209056$z21-03-06 996 $aQuadratic algebras$9741869 997 $aUNISALENTO 998 $ale013$b17-02-06$cm$da $e-$feng$griu$h0$i0